000 00638nam a2200241Ia 4500
003 OSt
005 20220918175552.0
006 a|||||r|||| 00| 0
007 ta
008 220917b |||||||| |||| 00| 0 eng d
024 _a18,079
037 _cTextual
040 _aARTS
_cARTS
_beng
041 _2eng
_aeng
082 _aO:2J64:63, G5
100 _aShakespeare William
_9226
245 0 _aCoriolanus ed by V De Sola Pinton
260 _c1935
490 _aScholar's Library ed by Guy Boas
650 _aENGLISH LITERATURE
942 _hO:2J64:63, G5
_cTEXL
_2CC
999 _c158219
_d158219